• Compañía de los Caminos de Hierro del Norte de España

di Corporate Name

Records bibliografici associati: 1

001 - CONTROL NUMBER

  • control field: 57773

003 - CONTROL NUMBER IDENTIFIER

  • control field: IT-RoINE

005 - DATE AND TIME OF LATEST TRANSACTION

  • control field: 20190311081554.0

008 - FIXED-LENGTH DATA ELEMENTS

  • fixed length control field: 190311|| aca||aabn | a|a d

040 ## - CATALOGING SOURCE

  • Original cataloging agency: IT-RoINE
  • Transcribing agency: IT-RoINE

110 2# - HEADING--CORPORATE NAME

  • Corporate name or jurisdiction name as entry element: Compañía de los Caminos de Hierro del Norte de España

410 2# - SEE FROM TRACING--CORPORATE NAME

  • Corporate name or jurisdiction name as entry element: Compañía de los Ferro-carriles del Norte de España

410 2# - SEE FROM TRACING--CORPORATE NAME

  • Corporate name or jurisdiction name as entry element: Compañía de los Ferrocarriles del Norte‏ (España)

410 2# - SEE FROM TRACING--CORPORATE NAME

  • Corporate name or jurisdiction name as entry element: Compañía de los Ferrocarriles del Norte de España

410 2# - SEE FROM TRACING--CORPORATE NAME

  • Corporate name or jurisdiction name as entry element: Ferrocarriles del Norte de España‏

410 2# - SEE FROM TRACING--CORPORATE NAME

  • Corporate name or jurisdiction name as entry element: Caminos de Hierro del Norte de España

410 2# - SEE FROM TRACING--CORPORATE NAME

  • Corporate name or jurisdiction name as entry element: North of Spain Railway Company

410 2# - SEE FROM TRACING--CORPORATE NAME

  • Corporate name or jurisdiction name as entry element: Chemins de fer du nord de l'Espagne

410 2# - SEE FROM TRACING--CORPORATE NAME

  • Corporate name or jurisdiction name as entry element: Spanische Norbahn‏

670 ## - SOURCE DATA FOUND

  • Source citation: Work cat.: (IT-RoINE)0: Guía descriptiva :